000
00243nam a22001217a 4500
040
_c
SK
082
_a
001
100
_a
CHAY KONGKRUY
245
_a
Research methode in agroindustry
260
_a
RUA
_b
CHA
_c
2012
300
_a
191p.
942
_c
EK
999
_c
8596
_d
8596